|
|
|
|
| LEADER |
00000ny a22000003n 4500 |
| 005 |
20110628101221.0 |
| 006 |
m u |
| 007 |
cr cn||||||||| |
| 008 |
200508r2002 sp |||||s|||||||||||spa d |
| 020 |
|
|
|a 9788497721288
|
| 035 |
|
|
|a 286
|
| 040 |
|
|
|a FlNmELB
|c FlNmELB
|d vLex
|
| 050 |
1 |
4 |
|a KKT542
|b F363 2002eb
|
| 080 |
|
|
|a 347.62
|
| 090 |
|
|
|c 1142
|d 1142
|
| 100 |
1 |
|
|a Fernandez Gonzalez, Maria Begona
|
| 245 |
1 |
3 |
|a El matrimonio y los hijos
|h [Recurso electrn̤ico]
|b cien preguntas clave y su respuesta : matrimonio, nulidad, separacion y divorcio ... /
|c Maria Begona Fernandez Gonzalez
|
| 256 |
|
|
|a Servicio en ln̕ea
|
| 260 |
|
|
|a Madrid :
|b Dykinson,
|c 2002
|
| 300 |
|
|
|a 7-254 p
|
| 506 |
1 |
|
|a Contenido solo disponible en los productos indicados
|d vLex Global
|d vLex Global (Academic Edition, excluding Law Schools)
|d vLex Global (U.S. Academic Edition, Law Schools)
|d vLex Global (U.S. Academic Edition, excluding Law Schools)
|d vLex Global (Academic Edition, Law Schools)
|
| 650 |
0 |
7 |
|a Civil
|2 Tesauro vLex
|
| 650 |
0 |
7 |
|a Hijos
|2 Tesauro vLex
|
| 650 |
0 |
7 |
|a Familia
|2 Tesauro vLex
|
| 650 |
0 |
7 |
|a Matrimonio
|2 Tesauro vLex
|
| 740 |
0 |
|
|a vLex Libros (Servicios en ln̕ea)
|
| 856 |
4 |
0 |
|u http://vlex.com/source/286
|z Acceso restringido
|
| 942 |
|
|
|c BOOK
|